000
00277nam a2200097Ia 4500
082
_a
362.77569092 MALO
245
0
_a
Nobody will ever kill me
100
_a
Maloni, Mbu Scottsville, South Africa, 2011
_9
76691
942
_c
BK
008
210817s9999 xx 000 0 und d
999
_c
278660
_d
278659